Lantmannen

Salvato in:
Dettagli Bibliografici
Natura: Libro
Lingua:Undetermined
Pubblicazione: Lantmannen 1983
Soggetti:
Tags: Aggiungi Tag
Nessun Tag, puoi essere il primo ad aggiungerne! !
Thư viện lưu trữ: Trung tâm Học liệu Trường Đại học Cần Thơ
LEADER 00375nam a2200145Ia 4500
001 CTU_23514
008 210402s9999 xx 000 0 und d
082 |a 025.81 
082 |b L296 
245 0 |a Lantmannen 
260 |a Lantmannen 
260 |c 1983 
650 |a agricultural engineering 
904 |i Sáng, 980425 
980 |a Trung tâm Học liệu Trường Đại học Cần Thơ